Múzeum osobnosti

Guardado en:
Detalles Bibliográficos
Autor principal: Sekáčová, Romana (Autor)
Otros Autores: Pilař, Pavol (Orientador)
Formato: Manuscrito Libro
Lenguaje:eslovaco
Publicado: 2018
Materias:
Acceso en línea:http://is.stuba.sk/zp/portal_zp.pl?podrobnosti=116950
https://opac.crzp.sk/?fn=detailBiblioForm&sid=CB745B58B0F7E53C0058CA6F3E25
Etiquetas: Agregar Etiqueta
Sin Etiquetas, Sea el primero en etiquetar este registro!

MARC

LEADER 00000ntm a22000003a 4500
001 stuzp68240
003 SK-STU
005 20230630125951.1
007 ta
008 150427s2015----xo-----f-mn---000-0-slo-d
040 |a STU  |b slo 
041 0 |a slo 
100 1 |a Sekáčová, Romana  |u 010310  |4 aut  |U SvF Stavebná fakulta  |T SvF Katedra architektúry  |X 75600  |U V181|V310  |Y 19  |7 75600 
242 0 1 |a Ferdis Kostka´s Museum  |y eng 
245 1 0 |a Múzeum osobnosti 
260 |c 2018 
650 4 |a existujúce objekty  |2 slo 
650 4 |a múzeum  |2 slo 
650 4 |a Ferdiš Kostka  |2 slo 
650 4 |a Original buildings  |2 eng 
650 4 |a Ferdiš Kostka  |2 eng 
650 4 |a Museum  |2 eng 
700 1 |a Pilař, Pavol  |u 010310  |k Z3  |4 ths  |U SvF Stavebná fakulta  |T SvF Katedra architektúry  |X 59136  |U V181|V310  |Y 19  |7 A000059136 
856 4 |u http://is.stuba.sk/zp/portal_zp.pl?podrobnosti=116950 
856 4 |u https://opac.crzp.sk/?fn=detailBiblioForm&sid=CB745B58B0F7E53C0058CA6F3E25